000 00520cam a22001934a 4500
005 20250605164151.0
008 250528s ||||||||||||||||||||||||d
035 _a19377
020 _a9607266439
040 _aGR-AtMCL
_bgre
_dGR-AtMCL
_eAACR2
245 1 _aΗ ΜΟΥΣΙΚΗ ΣΤΗΝ ΕΙΔΙΚΗ ΑΓΩΓΗ ΚΑΙ ΘΕΡΑΠΕΙΑ
250 _a1
260 _bMusic House,
_c2001
300 _a126
700 1 _aΤομπλερ Μιχαλης
_95626
942 _cBK
999 _c4633
_d4633